General topology and its relations to modern analysis and algebra : proceedings of the Symposium held in Prague in September, 1961 /
Guardado en:
| Autor Corporativo: | |
|---|---|
| Otros Autores: | |
| Formato: | Libro |
| Idioma: | Multiple English French German Russian |
| Publicado: |
New York :
Academic Press,
c1962.
|
| Etiquetas: |
Agregar Etiqueta
Sin Etiquetas, Sea el primero en etiquetar este registro!
|
| LEADER | 00881nam a22002055a 4500 | ||
|---|---|---|---|
| 001 | MAT.inmabb001446 | ||
| 008 | 031210s1962####nyu###########100#0#mul#d | ||
| 005 | 20170811122941.0 | ||
| 245 | 0 | 0 | |a General topology and its relations to modern analysis and algebra : |b proceedings of the Symposium held in Prague in September, 1961 / |c [scientific editor: J. Novák]. |
| 260 | |a New York : |b Academic Press, |c c1962. | ||
| 300 | |a 363 p. ; |c 25 cm. | ||
| 510 | 4 | |a MR, |c 26 #4304 | |
| 111 | 2 | |a Symposium on General Topology and Its Relations to Modern Analysis and Algebra |n (1º : |d 1961 : |c Praga, Checoslovaquia) | |
| 700 | 1 | |a Novák, Josef, |d 1905- |4 edt | |
| 084 | |a 54-XX |2 msc2000 | ||
| 010 | |a 63000751 | ||
| 041 | 0 | 1 | |a eng |a fre |a ger |a rus |
| 859 | |h 54 |i SY989-1 |p A-1078 |b BIB. MATEMATICA | ||
| 859 | |h 54 |i SY989-1 |p A-1744 |t Ej. 2 |b BIB. MATEMATICA | ||
| 859 | |h 54 |i SY989-1 |p A-1796 |t Ej. 3 |b BIB. MATEMATICA | ||
